| 000 | 01246nam a2200265Ia 4500 | ||
|---|---|---|---|
| 999 |
_c54965 _d54965 |
||
| 001 | 22036 | ||
| 003 | GE_BSU | ||
| 005 | 20220928174844.0 | ||
| 008 | 181216s ||||ge |||||||||||||| ||geo|| | ||
| 040 | _cGE_BSU | ||
| 041 | _ageo | ||
| 080 | _a821.112.2-84(075.8):811.112.2(075.8) ბ-90 | ||
| 100 |
_aბრაუნი, ედუარდ _914889 |
||
| 245 |
_aასი გალექსილი გერმანული ანდაზა / _cედუარდ ბრაუნი, კარლო ჯორჯანელი ; რედ. ვ. ფურცელაძე. |
||
| 264 |
_aთბილისი : _bთბილ. უნ-ტის გამ-ბა, _c1990. |
||
| 300 |
_a188 გვ. ; _c 20 სმ. |
||
| 500 | _aყდის სათაური = Hundert gereimte deutshe Sprichworter | ||
| 541 | _h7ლ. | ||
| 653 | _aასი გალექსილი გერმანული ანდაზა | ||
| 653 | _aგერმანული ენა | ||
| 653 | _aგერმანული ლიტერატურა | ||
| 700 |
_aჯორჯანელი, კარლო _eავტორი _914890 |
||
| 700 |
_aფურცელაძე, ვ. _eავტორი _914891 |
||
| 942 |
_cBK _2udc |
||